LEADER 01206nam a2200217 i 4500 001 000000030828 003 CaOOAMICUS 005 20180830125449.0 008 180830s1760 it u000 u ita u 040 $aSeMil$bita 245 10$aUniversa moralis theologia, qua non solum principia speculativa sed etiam regulae practicae ad usum confessariorum explicantur. Authore Constantino Roncaglia ... Tomus 1. [-2.]. 260 $aVenetiis :$bTypis Francisci Pitteri,$c1760. 300 $a2 v. ;$cfol. 500 $aCors. ; rom. - Iniz., testatine xilogr. - Testo su due colonne. - Legati insieme i 2 vol. 650 4$aTeologia morale - Manuali.$0(OLS)http://semarc/subject/610 700 1 $aPitteri, Francesco,$c.$0(OLS)http://semarc/name/2852 700 1 $aRoncaglia, Costantino,$d<1677-1737>.$0(OLS)http://semarc/name/7562 774 0 $tTomus 1.$g1$w()51722 774 0 $tTomus 2.$g2$w()235045 996 $6245$aUniversa moralis theologia, qua non solum principia speculativa sed etiam regulae practicae ad usum confessariorum explicantur. Authore Constantino Roncaglia ... Tomus 1. [-2.]$9(OLS)http://semarc/title/41955 996 $6260$aVenetiis :$bTypis Francisci Pitteri$9(OLS)http://semarc/publisher/37528 LEADER 01433nam a2200289 i 4500 001 000000112087 003 CaOOAMICUS 005 20050922000000.0 008 050922s1980 it u000 u ger u 013 $a84771 020 $a3-429-00664-3 040 $aSeMil$bita 245 10$aZur sache :$btheologische Streitfragen im Fall Küng. Im Anhang die Ordunung des römischen und bischöflichen Lehrverfahrens /$cmit einer Einleitung von Heribert Heinemann ; Ludwig Bertsch, Medard Kehl (Hrsg.) - Würzburg : Echter, 1980. 260 $aWürzburg :$bEchter,$c1980. 300 $a211 p. ;$c21 cm. 500 $aFondo Card. C.M. Martini. 650 4$aKüng, Hans - Critiche - Miscellanea.$0(OLS)http://semarc/subject/20144 700 1 $aBertsch, Ludwig .$0(OLS)http://semarc/name/30549 700 1 $aHeinemann, Heribert <1925-2012>.$0(OLS)http://semarc/name/24959 700 1 $aKehl, Medard,$c.$0(OLS)http://semarc/name/160 850 $aSeMil 852 $aSeMil$W1$xVenegono$y1$m2D IV 254$j67876$B67876$CSeMilBibl$Z2$F103314 $81 941 1 $a4 961 $aOmaggio: Martini Card. Carlo Maria 996 $6020$a3-429-00664-3$9(OLS)http://semarc/number/94543 996 $6245$aZur sache :$btheologische Streitfragen im Fall Küng. Im Anhang die Ordunung des römischen und bischöflichen Lehrverfahrens$9(OLS)http://semarc/title/163347 996 $6260$aWürzburg :$bEchter$9(OLS)http://semarc/publisher/29704